000 00618nam a22001697a 4500
005 20150205110410.0
008 150123b xxu||||| |||| 00| 0 eng d
050 _aBX3703.
_bB74 2006
100 _aSears, Robert T.
_914595
245 _aSelf-Emptying love in a global context :
_bthe spiritual exercises and the environment
_cSears, Robert T and Joseph A Bracken, SJ
260 _aEugene
_bCascade Books
_c2006
300 _avi, 88p.;
_c21cm.
600 _aIgnatius
_t saint
_y1491-1556
_z of Loyola
_914596
650 _aSpiritual Exercises
_914597
700 _aBracken, Joseph A
_cSJ
_914873
942 _2lcc
_cMONOGRAPH
999 _c121881
_d121881